Statistiques concernant Entraineurs de Football

Cliquez ici pour prendre le quiz!

Statistiques générales

  • Ce quiz a été pris 390 fois
  • Le résultat moyen est 10 sur 20

Statistiques - réponses

PériodeÉquipeEntraineur ?% Correct
2013-2016PSGLaurent Blanc
87%
1996-2018ArsenalArsène Wenger
83%
2011-Atlético de MadridDiego Simeone
81%
2014-2017FC BarceloneLuis Enrique
73%
1985-1988Ajax AmsterdamJohan Cruyff
67%
1961-2005AJ AuxerreGuy Roux
66%
2018-2019AS MonacoThierry Henry
59%
2008-2010ArgentineDiego Maradona
55%
2011-2014Juventus FCAntonio Conte
53%
2014-2016Manchester UnitedLouis van Gaal
52%
2015-2016Real MadridRafa Benitez
52%
2008-2016EspagneVicente del Bosque
51%
2013-2016Manchester CityManuel Pellegrini
39%
2012ChelseaRoberto Di Matteo
35%
1984-1990AllemagneFranz Beckenbauer
32%
2008-2011Olympique lyonnaisClaude Puel
31%
2004-2006 / 2008-2010ItalieMarcelo Lippi
25%
2012-2015LiverpoolBrendan Rodgers
21%
2012-2013Tottenham HotspurAndré Villas-Boas
18%
1998-2000Pays-BasFrank Rijkaard
12%

Distribution des résultats

Percentile par nombre de réponses

% des personnes avec chaque résultat

Votre développement - résultats

Vous n’avez pas pris ce quiz